| Поле | Инд. | ПП | Название | Значение |
|---|---|---|---|---|
| Тип записи | a | |||
| Библиографический уровень | a | |||
| 001 | Контрольный номер | 4107430006684b0099065b9f60022480 | ||
| 005 | Дата корректировки | 20260703122032.1 | ||
| 040 | a | Служба первич. каталог. | 10013504 | |
| 041 | 0_ | a | Код языка текста | rus |
| 100 | 1_ | a | Автор | Ильин В.Л. |
| q | Полное имя | Ильин В.Л. | ||
| 245 | 10 | a | Заглавие | Об одном комбинированном способе изображения линейчатых поверхностей и его применении к решению задач |
| 504 | a | Библиография | Библиогр.: с. 74 (2 назв.) | |
| 653 | 0_ | a | Ключевые слова | АВТОР МАИ |
| 773 | 18 | a | Заголовок основной записи | Московский авиационный институт им. С. Орджоникидзе |
| w | Контрольный № источника | 9806f61984534a77a4221b5b24678949 | ||
| t | Название источника | Труды института | ||
| d | Место и дата издания | Москва : МАИ, 1970 | ||
| g | Прочая информация | Вып. 213. - С. 69-74 | ||
| 901 | t | Тип документа | a |